Tribhuvan University Central Library

Trainning module flood disaster risk management hydrological forecasts : requirement and best practices (Record no. 71761)

MARC details
000 -LEADER
fixed length control field 00458 a2200157 4500
020 ## - INTERNATIONAL STANDARD BOOK NUMBER
International Standard Book Number 978-3-944152-15-8
082 ## - DEWEY DECIMAL CLASSIFICATION NUMBER
Classification number 363.34/VOG-t/N
100 ## - MAIN ENTRY--PERSONAL NAME
Personal name Vogelbacher, A.
245 ## - TITLE STATEMENT
Title Trainning module flood disaster risk management hydrological forecasts : requirement and best practices
260 ## - PUBLICATION, DISTRIBUTION, ETC.
Place of publication, distribution, etc. New Delhi
Name of publisher, distributor, etc. NIDM
Date of publication, distribution, etc. 2013
300 ## - PHYSICAL DESCRIPTION
Extent VII, 75p.
650 ## - SUBJECT ADDED ENTRY--TOPICAL TERM
Topical term or geographic name entry element Flood
650 ## - SUBJECT ADDED ENTRY--TOPICAL TERM
Topical term or geographic name entry element Hydrological Forecasts
653 ## - INDEX TERM--UNCONTROLLED
Uncontrolled term Disaster Management
942 ## - ADDED ENTRY ELEMENTS (KOHA)
Source of classification or shelving scheme Dewey Decimal Classification
Koha item type Disaster Risk Management

No items available.